[Event "GRE-chT 50th"]
[Site "Nikaia"]
[Date "2023.08.27"]
[Round "4.3"]
[White "Gouloutis, Nikolaos"]
[Black "Dounis, Alexandros"]
[Result "1-0"]
[WhiteElo "2307"]
[BlackElo "2225"]
[PlyCount "73"]
[EventDate "2023.08.25"]
[EventType "team"]
[EventRounds "9"]
[EventCountry "GRE"]
[SourceTitle "EXT 2024"]
[Source "ChessBase"]
[SourceDate "2023.10.10"]
[SourceVersion "1"]
[SourceVersionDate "2023.10.10"]
[SourceQuality "1"]
[WhiteTeam "Thessaloniki Aris"]
[BlackTeam "Peristeriou PS"]
[WhiteTeamCountry "GRE"]
[BlackTeamCountry "GRE"]

1. d4 Nf6 2. c4 g6 3. Nc3 d5 4. cxd5 Nxd5 5. Na4 Bg7 6. e4 Nb6 7. Be3 0-0 8. Nf3 Bg4 9. Be2 Bxf3 10. gxf3 Nxa4 11. Qxa4 c5 12. dxc5 Bxb2 13. Rb1 Bc3+ 14. Kf1 Qc8 15. h4 Nd7 16. h5 Bf6 17. hxg6 hxg6 18. Qb5 a6 19. Qb4 Qc6 20. Qxb7 Rac8 21. Bxa6 Nxc5 22. Qxc6 Rxc6 23. Bb5 Rc7 24. Kg2 Ne6 25. Rhc1 Rfc8 26. Bd7 Rxc1 27. Rxc1 Ra8 28. Rc8+ Rxc8 29. Bxc8 Nd4 30. f4 Nc2 31. Bd2 Bd4 32. a4 Ba7 33. a5 Kf8 34. Bd7 Bc5 35. a6 e6 36. Ba4 Nd4 37. Bb4 1-0

[Event "Titled Tuesday intern op 27th Sep Late"]
[Site "Chess.com INT"]
[Date "2022.09.27"]
[Round "11"]
[White "Bortnyk, Mykola"]
[Black "Dounis, Alexandros"]
[Result "0-1"]
[WhiteElo "2461"]
[BlackElo "2250"]
[PlyCount "98"]
[EventDate "2022.09.27"]
[EventType "swiss (blitz)"]
[EventRounds "11"]
[EventCountry "USA"]
[SourceTitle "CBM 210 Extra"]
[Source "ChessBase"]
[SourceDate "2022.11.30"]
[SourceVersion "1"]
[SourceVersionDate "2022.11.30"]
[SourceQuality "1"]

1. e4 e5 2. Bc4 Nf6 3. d3 c6 4. Nf3 Be7 5. 0-0 Qc7 6. Nc3 0-0 7. a4 a5 8. h3 d6 9. Re1 Nbd7 10. d4 h6 11. Be3 Re8 12. Nh4 Bf8 13. Ba2 g6 14. Nxg6 Bg7 15. Nh4 Nf8 16. dxe5 dxe5 17. Qf3 N8h7 18. Rad1 Ng5 19. Bxg5 hxg5 20. Nf5 Be6 21. Qg3 Bxf5 22. exf5 Rad8 23. Qxg5 Rxd1 24. Rxd1 e4 25. Re1 Qb6 26. Re3 Qd4 27. Rg3 Nh7 28. Bxf7+ Kxf7 29. Qg6+ Kf8 30. Qxh7 e3 31. fxe3 Rxe3 32. Rxe3 Qxe3+ 33. Kf1 Qc1+ 34. Kf2 Qxc2+ 35. Ke3 Qxb2 36. Ne4 Qd4+ 37. Kf3 Qd3+ 38. Kf4 Qf1+ 39. Kg4 Qxg2+ 40. Ng3 Qc2 41. Qg6 Qxa4+ 42. Kh5 Qd1+ 43. Kg5 Qc1+ 44. Kh5 Qf4 45. h4 a4 46. Qg5 Qxg5+ 47. hxg5 a3 48. f6 Bxf6 49. gxf6 a2 0-1

[Event "Titled Tuesday intern op 27th Sep Late"]
[Site "Chess.com INT"]
[Date "2022.09.27"]
[Round "7"]
[White "Dounis, Alexandros"]
[Black "Christiansen, Johan Sebastian"]
[Result "1-0"]
[WhiteElo "2250"]
[BlackElo "2583"]
[PlyCount "135"]
[EventDate "2022.09.27"]
[EventType "swiss (blitz)"]
[EventRounds "11"]
[EventCountry "USA"]
[SourceTitle "CBM 210 Extra"]
[Source "ChessBase"]
[SourceDate "2022.11.30"]
[SourceVersion "1"]
[SourceVersionDate "2022.11.30"]
[SourceQuality "1"]

1. Nf3 b6 2. e4 Bb7 3. Nc3 e6 4. a3 c5 5. d4 cxd4 6. Nxd4 a6 7. Bc4 d6 8. 0-0 Nf6 9. Qe2 Nbd7 10. Ba2 Qc7 11. Bg5 h6 12. Bh4 Qc5 13. Rad1 Rc8 14. Kh1 Qh5 15. Qxh5 Nxh5 16. f4 Nxf4 17. Rxf4 g5 18. Rxf7 Kxf7 19. Bxe6+ Ke8 20. Bg3 Rc5 21. Nf5 Ne5 22. Bf2 Rc6 23. Bd4 b5 24. Bxe5 dxe5 25. Bd7+ Kf7 26. Bxc6 Bxc6 27. Rd8 h5 28. Rc8 Bd7 29. Rc7 Ke8 30. Nd5 Kd8 31. Ra7 Be6 32. Rxa6 Bf7 33. Rb6 h4 34. h3 g4 35. Rxb5 gxh3 36. gxh3 Bh5 37. Kh2 Bf3 38. Nf6 Kc7 39. Rxe5 Bd6 40. Nxd6 Kxd6 41. Rf5 Be2 42. Rf2 Bb5 43. Ng4 Rc8 44. e5+ Ke7 45. c3 Rd8 46. b3 Rd1 47. Ne3 Re1 48. Nf5+ Kd7 49. Nxh4 Bc6 50. Kg3 Re3+ 51. Nf3 Rxc3 52. Kf4 Rxb3 53. h4 Rxa3 54. h5 Ra4+ 55. Kg5 Ra5 56. Kf6 Ra6 57. e6+ Ke8 58. Ng5 Bd5 59. h6 Bxe6 60. Nxe6 Ra7 61. Kg6 Re7 62. Ng7+ Kd7 63. h7 Kc6 64. h8Q Re3 65. Qc8+ Kd5 66. Rd2+ Ke4 67. Qg4+ Ke5 68. Qd4# 1-0

[Event "Titled Tuesday intern op 27th Sep Late"]
[Site "Chess.com INT"]
[Date "2022.09.27"]
[Round "3"]
[White "Dounis, Alexandros"]
[Black "Fawzy, Adham"]
[Result "0-1"]
[WhiteElo "2250"]
[BlackElo "2481"]
[PlyCount "142"]
[EventDate "2022.09.27"]
[EventType "swiss (blitz)"]
[EventRounds "11"]
[EventCountry "USA"]
[SourceTitle "CBM 210 Extra"]
[Source "ChessBase"]
[SourceDate "2022.11.30"]
[SourceVersion "1"]
[SourceVersionDate "2022.11.30"]
[SourceQuality "1"]

1. Nf3 c5 2. e4 Nc6 3. d4 cxd4 4. Nxd4 Nf6 5. Nc3 e5 6. Ndb5 d6 7. Bg5 a6 8. Na3 b5 9. Nd5 Be7 10. Bxf6 Bxf6 11. c3 Bg5 12. Nc2 Rb8 13. g3 0-0 14. Bg2 Be6 15. 0-0 a5 16. a3 Ne7 17. Nce3 Bxe3 18. Nxe3 Qb6 19. Qd2 Rfd8 20. Rfd1 Bb3 21. Rdc1 Qc5 22. Qe2 Rbc8 23. Qh5 f6 24. Bh3 Rc7 25. c4 bxc4 26. Be6+ Kh8 27. Nxc4 Qd4 28. Qf7 Bxc4 29. Rxc4 Rxc4 30. Bxc4 d5 31. exd5 Qxc4 32. Qxe7 Qxd5 33. b4 h6 34. bxa5 Ra8 35. a4 Rxa5 36. h4 Kh7 37. Qb4 f5 38. h5 f4 39. Qc3 Rc5 40. Qa3 fxg3 41. Qxg3 e4 42. Qg6+ Kh8 43. Rb1 Qg5+ 44. Qxg5 Rxg5+ 45. Kf1 Rxh5 46. Ke2 Kh7 47. Ke3 Rf5 48. Kxe4 Rxf2 49. Ra1 Rf6 50. a5 Ra6 51. Kd5 g5 52. Kc5 Kg6 53. Kb5 Ra8 54. a6 g4 55. Kb6 Kg5 56. a7 h5 57. Kb7 Rf8 58. Ra5+ Kh4 59. a8Q Rxa8 60. Kxa8 g3 61. Kb7 g2 62. Ra1 Kg3 63. Kc6 h4 64. Kd5 h3 65. Ke4 h2 66. Ra3+ Kg4 67. Ra8 g1Q 68. Rg8+ Kh5 69. Rh8+ Kg6 70. Rg8+ Kf7 71. Rg2 Qxg2+ 0-1

[Event "Titled Tuesday intern op 13th Sep Late"]
[Site "Chess.com INT"]
[Date "2022.09.13"]
[Round "1"]
[White "Dounis, Alexandros"]
[Black "Fernandez Hernandez, Gerardo"]
[Result "1-0"]
[WhiteElo "2250"]
[BlackElo "2169"]
[PlyCount "93"]
[EventDate "2022.09.13"]
[EventType "swiss (blitz)"]
[EventRounds "11"]
[EventCountry "USA"]
[SourceTitle "EXT 2023"]
[Source "ChessBase"]
[SourceDate "2022.10.05"]
[SourceVersion "1"]
[SourceVersionDate "2022.10.05"]
[SourceQuality "1"]

1. Nf3 Nf6 2. g3 g6 3. Bg2 Bg7 4. 0-0 0-0 5. d4 d6 6. b3 Nbd7 7. Bb2 Ne4 8. Nbd2 Nxd2 9. Qxd2 Nf6 10. c4 Ne4 11. Qe3 Nf6 12. h3 Re8 13. Rfd1 c6 14. a3 Qc7 15. Rac1 a5 16. g4 h5 17. g5 Nh7 18. Bc3 Nf8 19. d5 c5 20. Bxg7 Kxg7 21. Qc3+ Kg8 22. e4 e6 23. e5 Rd8 24. exd6 Rxd6 25. Qe5 Qd8 26. Ne1 Raa6 27. Nc2 exd5 28. cxd5 Bf5 29. Ne3 Qxg5 30. Nxf5 Qxf5 31. Qxf5 gxf5 32. Rxc5 Ng6 33. Rb5 Nf4 34. Rxb7 Ne2+ 35. Kf1 Nc3 36. Rd3 Ne4 37. Bxe4 fxe4 38. Rd4 f5 39. Ke2 Rab6 40. Rxb6 Rxb6 41. b4 axb4 42. axb4 Kf7 43. d6 Rb8 44. d7 Rd8 45. Ke3 Ke7 46. Kf4 Ke6 47. b5 1-0

[Event "Titled Tuesday intern op 13th Sep Late"]
[Site "Chess.com INT"]
[Date "2022.09.13"]
[Round "7"]
[White "Dounis, Alexandros"]
[Black "Indjic, Aleksandar"]
[Result "1-0"]
[WhiteElo "2250"]
[BlackElo "2628"]
[PlyCount "93"]
[EventDate "2022.09.13"]
[EventType "swiss (blitz)"]
[EventRounds "11"]
[EventCountry "USA"]
[SourceTitle "EXT 2023"]
[Source "ChessBase"]
[SourceDate "2022.10.05"]
[SourceVersion "1"]
[SourceVersionDate "2022.10.05"]
[SourceQuality "1"]

1. Nf3 c5 2. e4 e6 3. d4 cxd4 4. Nxd4 a6 5. Be2 Nf6 6. Nc3 Qc7 7. 0-0 Nc6 8. Be3 Be7 9. f4 d6 10. a4 Bd7 11. Qd2 h5 12. Kh1 Rc8 13. Rad1 h4 14. Nxc6 Bxc6 15. Bf3 b5 16. axb5 axb5 17. Qd3 h3 18. g4 b4 19. Ne2 Qb7 20. Ng3 d5 21. e5 Nd7 22. Bd4 Bb5 23. Qd2 Bxf1 24. Rxf1 Bc5 25. f5 Bxd4 26. Qxd4 Qb6 27. Qf4 Rc4 28. Qg5 Rxc2 29. Qxg7 Rf8 30. fxe6 fxe6 31. Qg6+ Ke7 32. Qxc2 Nxe5 33. Qh7+ Kd6 34. Be2 Rxf1+ 35. Bxf1 Nxg4 36. Bxh3 Nf2+ 37. Kg2 Nd1 38. Nf5+ exf5 39. Qh6+ Kc5 40. Qc1+ Nc3 41. bxc3 Qg6+ 42. Kf2 b3 43. Qa3+ Kc4 44. Qb4+ Kd3 45. Qxb3 Qh6 46. Bxf5+ Kd2 47. Qc2# 1-0

[Event "Titled Tuesday intern op 13th Sep Late"]
[Site "Chess.com INT"]
[Date "2022.09.13"]
[Round "5"]
[White "Hambleton, Aman"]
[Black "Dounis, Alexandros"]
[Result "0-1"]
[WhiteElo "2437"]
[BlackElo "2250"]
[PlyCount "34"]
[EventDate "2022.09.13"]
[EventType "swiss (blitz)"]
[EventRounds "11"]
[EventCountry "USA"]
[SourceTitle "EXT 2023"]
[Source "ChessBase"]
[SourceDate "2022.10.05"]
[SourceVersion "1"]
[SourceVersionDate "2022.10.05"]
[SourceQuality "1"]

1. d4 Nf6 2. Bf4 g6 3. Nc3 d5 4. e3 a6 5. h4 h6 6. Nf3 Bg7 7. Ne5 0-0 8. Be2 Nbd7 9. g4 Nxe5 10. Bxe5 Ne4 11. Bxg7 Kxg7 12. Nxe4 dxe4 13. d5 e5 14. Qd2 c6 15. 0-0-0 cxd5 16. Qxd5 Qxd5 17. Rxd5 Kf6 0-1

[Event "Titled Tuesday intern op 13th Sep Late"]
[Site "Chess.com INT"]
[Date "2022.09.13"]
[Round "8"]
[White "Salem, AR Saleh"]
[Black "Dounis, Alexandros"]
[Result "0-1"]
[WhiteElo "2677"]
[BlackElo "2250"]
[PlyCount "124"]
[EventDate "2022.09.13"]
[EventType "swiss (blitz)"]
[EventRounds "11"]
[EventCountry "USA"]
[SourceTitle "EXT 2023"]
[Source "ChessBase"]
[SourceDate "2022.10.05"]
[SourceVersion "1"]
[SourceVersionDate "2022.10.05"]
[SourceQuality "1"]

1. d4 Nf6 2. c4 g6 3. Nc3 d5 4. cxd5 Nxd5 5. e4 Nxc3 6. bxc3 Bg7 7. Bc4 c5 8. Ne2 Nc6 9. Be3 0-0 10. 0-0 Qc7 11. Rc1 Rd8 12. h4 a6 13. h5 b5 14. Bd3 Bb7 15. h6 Bh8 16. e5 Nxe5 17. Bf4 Qc6 18. f3 Nxd3 19. Qxd3 e5 20. Bg5 Rd7 21. Rfe1 exd4 22. cxd4 c4 23. Qe3 b4 24. Kh1 Qd5 25. Nf4 Qd6 26. Rxc4 Rf8 27. d5 f6 28. Bh4 g5 29. Ne6 Re8 30. Rg4 Qxd5 31. Bxg5 Rxe6 32. Qxe6+ Qxe6 33. Rxe6 Kf7 34. Rb6 fxg5 35. Rxg5 Bc3 36. Rf5+ Ke7 37. Kh2 Bc8 38. Rc6 Bb7 39. Rb6 Kd8 40. Re6 Re7 41. Rd6+ Kc7 42. Rd3 Bc6 43. g4 Re2+ 44. Kg3 Rxa2 45. Rf7+ Kb6 46. Rxh7 Be5+ 47. Kh4 Rh2+ 48. Kg5 a5 49. Re7 Bc3 50. f4 a4 51. f5 a3 52. f6 a2 53. Rd1 Bd2+ 54. Rxd2 Rxd2 55. Re1 Bd5 56. Kg6 b3 57. h7 Rh2 58. Rd1 b2 59. Rxd5 b1Q+ 60. Kf7 a1Q 61. Rh5 Rxh5 62. gxh5 Qxh7+ 0-1

[Event "Titled Tuesday intern op 06th Sep Early"]
[Site "Chess.com INT"]
[Date "2022.09.06"]
[Round "3"]
[White "Dounis, Alexandros"]
[Black "Mikhalsky, Vladimir"]
[Result "0-1"]
[WhiteElo "2250"]
[BlackElo "2269"]
[PlyCount "120"]
[EventDate "2022.09.06"]
[EventType "swiss (blitz)"]
[EventRounds "11"]
[EventCountry "USA"]
[SourceTitle "EXT 2023"]
[Source "ChessBase"]
[SourceDate "2022.10.05"]
[SourceVersion "1"]
[SourceVersionDate "2022.10.05"]
[SourceQuality "1"]

1. e4 g6 2. d4 Bg7 3. Nc3 d6 4. Nf3 Nf6 5. Bg5 0-0 6. e5 dxe5 7. dxe5 Ng4 8. Qxd8 Rxd8 9. Bxe7 Re8 10. Nd5 Nxe5 11. Nxe5 Bxe5 12. 0-0-0 Be6 13. Nf6+ Bxf6 14. Bxf6 Nd7 15. Bc3 Nc5 16. f3 Rad8 17. Be2 Na4 18. Bf6 Rxd1+ 19. Rxd1 c6 20. b3 Nb6 21. c4 Nd7 22. Bc3 f6 23. h4 Kf7 24. h5 Nf8 25. hxg6+ hxg6 26. Rh1 Kg7 27. g4 Bxg4 28. fxg4 Rxe2 29. g5 Nd7 30. Rd1 Re7 31. Rd6 Rf7 32. Kc2 c5 33. Kd2 b6 34. Ke3 Re7+ 35. Kf3 Rf7 36. Kg3 Re7 37. Kf4 Rf7 38. gxf6+ Kh6 39. Ke4 Kg5 40. Kd5 Nxf6+ 41. Ke6 Ne4 42. Rd5+ Kf4 43. Kxf7 Nxc3 44. Rd6 g5 45. Ke7 Nxa2 46. Kd7 g4 47. Kc7 Nc1 48. Rf6+ Ke5 49. Rg6 Kf5 50. Rg8 Nxb3 51. Kb7 Nd2 52. Kxa7 Nxc4 53. Ka6 Kf4 54. Kb5 Ne3 55. Kxb6 c4 56. Ka6 c3 57. Kb5 c2 58. Rc8 g3 59. Kb4 g2 60. Kb3 g1Q 0-1

[Event "Titled Tuesday intern op 30th Aug Early"]
[Site "Chess.com INT"]
[Date "2022.08.30"]
[Round "5"]
[White "Dounis, Alexandros"]
[Black "Donchenko, Alexander"]
[Result "0-1"]
[WhiteElo "2250"]
[BlackElo "2630"]
[PlyCount "36"]
[EventDate "2022.08.30"]
[EventType "swiss (blitz)"]
[EventRounds "11"]
[EventCountry "USA"]
[SourceTitle "EXT 2023"]
[Source "ChessBase"]
[SourceDate "2022.10.05"]
[SourceVersion "1"]
[SourceVersionDate "2022.10.05"]
[SourceQuality "1"]

1. Nf3 Nf6 2. g3 b6 3. Bg2 Bb7 4. 0-0 g6 5. c4 Bg7 6. d4 0-0 7. Nc3 Ne4 8. Qc2 Nxc3 9. Qxc3 c5 10. e3 d6 11. b3 Nd7 12. Bb2 Qc7 13. Rac1 Rfd8 14. Rfd1 Rac8 15. Qe1 e5 16. dxe5 dxe5 17. Qf1 e4 18. Bxg7 exf3 0-1

[Event "Titled Tuesday intern op 30th Aug Early"]
[Site "Chess.com INT"]
[Date "2022.08.30"]
[Round "3"]
[White "Gunina, Valentina"]
[Black "Dounis, Alexandros"]
[Result "1-0"]
[WhiteElo "2469"]
[BlackElo "2250"]
[PlyCount "79"]
[EventDate "2022.08.30"]
[EventType "swiss (blitz)"]
[EventRounds "11"]
[EventCountry "USA"]
[SourceTitle "EXT 2023"]
[Source "ChessBase"]
[SourceDate "2022.10.05"]
[SourceVersion "1"]
[SourceVersionDate "2022.10.05"]
[SourceQuality "1"]

1. d4 Nf6 2. c4 g6 3. Nc3 d5 4. cxd5 Nxd5 5. e4 Nxc3 6. bxc3 Bg7 7. Bc4 c5 8. Ne2 Nc6 9. Be3 0-0 10. 0-0 Qc7 11. Rb1 a6 12. dxc5 Ne5 13. Bd5 e6 14. Bb3 Ng4 15. Bf4 Qxc5 16. Bd6 Qh5 17. h3 Ne5 18. Bxf8 Bxf8 19. Nd4 Bd7 20. Qxh5 gxh5 21. Rfd1 Be8 22. f4 Ng6 23. f5 exf5 24. exf5 Nf4 25. Rf1 Bd6 26. Rbd1 Rc8 27. Ne6 Ne2+ 28. Kf2 Nxc3 29. Rxd6 Ne4+ 30. Kf3 Nxd6 31. Nf4 Rc3+ 32. Kf2 Nxf5 33. Nxh5 Bc6 34. Rd1 h6 35. Rd8+ Kh7 36. g4 Rxh3 37. Bxf7 Rh2+ 38. Ke1 Ne3 39. Rg8 Bf3 40. Nf6# 1-0

[Event "Titled Tuesday intern op 23rd Aug Early"]
[Site "Chess.com INT"]
[Date "2022.08.23"]
[Round "1"]
[White "Broca Jimenez, Fernando"]
[Black "Dounis, Alexandros"]
[Result "0-1"]
[WhiteElo "2075"]
[BlackElo "2250"]
[PlyCount "42"]
[EventDate "2022.08.23"]
[EventType "swiss (blitz)"]
[EventRounds "11"]
[EventCountry "USA"]
[SourceTitle "EXT 2023"]
[Source "ChessBase"]
[SourceDate "2022.10.05"]
[SourceVersion "1"]
[SourceVersionDate "2022.10.05"]
[SourceQuality "1"]

1. e4 e5 2. Nf3 Nc6 3. Bb5 g6 4. d4 exd4 5. Nxd4 Bg7 6. Be3 Nf6 7. 0-0 Nxe4 8. Nxc6 dxc6 9. Qxd8+ Kxd8 10. Bd3 Bxb2 11. Bxe4 Bxa1 12. Nd2 Bg7 13. Nf3 Be6 14. a4 h6 15. Nd4 Bc4 16. Rd1 Ke7 17. Nf3 Rhd8 18. Bc5+ Ke8 19. Re1 Be6 20. a5 Bc3 21. Re3 Rd1+ 0-1

[Event "Titled Tuesday intern op 23rd Aug Early"]
[Site "Chess.com INT"]
[Date "2022.08.23"]
[Round "8"]
[White "Dounis, Alexandros"]
[Black "Bluebaum, Matthias"]
[Result "1/2-1/2"]
[WhiteElo "2250"]
[BlackElo "2664"]
[PlyCount "69"]
[EventDate "2022.08.23"]
[EventType "swiss (blitz)"]
[EventRounds "11"]
[EventCountry "USA"]
[SourceTitle "EXT 2023"]
[Source "ChessBase"]
[SourceDate "2022.10.05"]
[SourceVersion "1"]
[SourceVersionDate "2022.10.05"]
[SourceQuality "1"]

1. Nf3 d5 2. g3 Bg4 3. Bg2 e6 4. 0-0 Nf6 5. Ne5 Bh5 6. c4 Nbd7 7. Nxd7 Qxd7 8. Qb3 Bxe2 9. cxd5 Bxf1 10. dxe6 fxe6 11. Bxf1 c6 12. d4 Bd6 13. Nd2 0-0 14. Nc4 Nd5 15. Bd2 Rab8 16. Re1 Bc7 17. Bh3 Rfe8 18. Qf3 Qf7 19. Qe4 Kh8 20. Bxe6 Qf8 21. Qh4 b5 22. Na3 Re7 23. Bg5 Nf6 24. Re3 Rbe8 25. Bf5 h6 26. Rxe7 Rxe7 27. Bd2 Re2 28. Nb1 Ne4 29. Qh5 Rxd2 30. Nxd2 Nxd2 31. Qg6 Kg8 32. Be6+ Kh8 33. Bf5 Kg8 34. Be6+ Kh8 35. Bf5 1/2-1/2

[Event "Titled Tuesday intern op 23rd Aug Early"]
[Site "Chess.com INT"]
[Date "2022.08.23"]
[Round "2"]
[White "Dounis, Alexandros"]
[Black "Weetik, Vjacheslav"]
[Result "0-1"]
[WhiteElo "2250"]
[BlackElo "2423"]
[PlyCount "122"]
[EventDate "2022.08.23"]
[EventType "swiss (blitz)"]
[EventRounds "11"]
[EventCountry "USA"]
[SourceTitle "EXT 2023"]
[Source "ChessBase"]
[SourceDate "2022.10.05"]
[SourceVersion "1"]
[SourceVersionDate "2022.10.05"]
[SourceQuality "1"]

1. Nf3 Nf6 2. g3 d5 3. Bg2 Bf5 4. 0-0 e6 5. d3 c6 6. Nh4 Bg4 7. h3 Bh5 8. f4 Nfd7 9. Qe1 Be7 10. Nf3 a5 11. e4 dxe4 12. dxe4 Bxf3 13. Bxf3 e5 14. Nd2 0-0 15. Nc4 Qc7 16. a4 Na6 17. Bd2 Nb4 18. Bd1 exf4 19. Bxf4 Qd8 20. Qe2 Nc5 21. c3 Nbd3 22. Bc2 b5 23. axb5 cxb5 24. Ne5 Nxf4 25. gxf4 Qb6 26. Kg2 Rad8 27. Rfd1 Ne6 28. Qf3 Qc7 29. Rd5 g5 30. fxg5 Rxd5 31. exd5 Qxe5 32. dxe6 fxe6 33. Qe4 Qxg5+ 34. Kh1 Qh4 35. Rg1+ Kh8 36. Qxe6 Bf6 37. Qg4 Qh6 38. Qf5 Bg7 39. Qd3 b4 40. cxb4 axb4 41. b3 Rc8 42. Qf5 Rf8 43. Qe4 Qh5 44. Kh2 Be5+ 45. Rg3 Bxg3+ 46. Kxg3 Qg5+ 47. Qg4 Qe3+ 48. Kh4 Rf4 49. Kg5 Rxg4+ 50. Kxg4 Qc3 51. Bf5 Qxb3 52. Kg5 Qc3 53. h4 b3 54. h5 b2 55. h6 Qe5 56. Kg4 Qxf5+ 57. Kxf5 b1Q+ 58. Kg5 Qg6+ 59. Kf4 Qxh6+ 60. Kf5 Qg6+ 61. Kf4 h5 0-1

[Event "Titled Tuesday intern op 09th Aug Late"]
[Site "Chess.com INT"]
[Date "2022.08.09"]
[Round "4"]
[White "Dounis, Alexandros"]
[Black "Mardov, Dimitar"]
[Result "0-1"]
[WhiteElo "2250"]
[BlackElo "2414"]
[PlyCount "78"]
[EventDate "2022.08.09"]
[EventType "swiss (blitz)"]
[EventRounds "11"]
[EventCountry "USA"]
[SourceTitle "EXT 2023"]
[Source "ChessBase"]
[SourceDate "2022.10.05"]
[SourceVersion "1"]
[SourceVersionDate "2022.10.05"]
[SourceQuality "1"]

1. Nf3 d5 2. g3 Bg4 3. Bg2 Nd7 4. 0-0 e6 5. d3 c6 6. c4 Bd6 7. Nc3 Ngf6 8. cxd5 cxd5 9. h3 Bxf3 10. Bxf3 0-0 11. Qb3 Nc5 12. Qd1 Rc8 13. Be3 a6 14. Rc1 Qe7 15. b4 Ncd7 16. a3 Ne5 17. Bg2 Nc6 18. d4 b5 19. Qd3 Nd7 20. Nxd5 exd5 21. Bxd5 Ncb8 22. Bb7 Rxc1 23. Rxc1 Nb6 24. Be4 g6 25. d5 Nc4 26. Bd4 Nd7 27. Bg2 Re8 28. e4 h5 29. f4 h4 30. e5 Ndxe5 31. fxe5 Bxe5 32. gxh4 Qxh4 33. Bf2 Qf4 34. Re1 Rd8 35. Rd1 Nb2 36. Qe2 Nxd1 37. Qxd1 Rc8 38. Qg4 Rc1+ 39. Bf1 Qh2# 0-1

[Event "Titled Tuesday intern op 26th Jul Late"]
[Site "Chess.com INT"]
[Date "2022.07.26"]
[Round "3"]
[White "Dounis, Alexandros"]
[Black "Sibilio, Mario"]
[Result "1-0"]
[WhiteElo "2250"]
[BlackElo "2279"]
[PlyCount "101"]
[EventDate "2022.07.26"]
[EventType "swiss (blitz)"]
[EventRounds "11"]
[EventCountry "USA"]
[SourceTitle "EXT 2023"]
[Source "ChessBase"]
[SourceDate "2022.10.05"]
[SourceVersion "1"]
[SourceVersionDate "2022.10.05"]
[SourceQuality "1"]

1. Nf3 Nf6 2. g3 g6 3. Bg2 Bg7 4. 0-0 0-0 5. d4 d6 6. b3 c5 7. Bb2 cxd4 8. Nxd4 a6 9. c4 e6 10. Nc3 Qc7 11. Rc1 Rd8 12. Qd2 Nbd7 13. Rfd1 Ne5 14. h3 Bd7 15. e3 Rac8 16. a4 Qb8 17. Ba3 Be8 18. Qe1 Nc6 19. Nxc6 Bxc6 20. Bxc6 Rxc6 21. Rd3 d5 22. cxd5 Nxd5 23. Nxd5 Rxd5 24. Rxd5 exd5 25. Rd1 Rc3 26. Rxd5 Rxb3 27. Qd1 Rxa3 28. Rd8+ Qxd8 29. Qxd8+ Bf8 30. a5 Rb3 31. e4 h5 32. e5 Rb5 33. e6 fxe6 34. Qf6 Rxa5 35. Qxg6+ Bg7 36. Qxe6+ Kh8 37. Qc8+ Kh7 38. Qxb7 Ra1+ 39. Kg2 a5 40. Qe4+ Kh8 41. Qe8+ Kh7 42. Qxh5+ Kg8 43. Qd5+ Kh8 44. h4 a4 45. h5 a3 46. Qa8+ Kh7 47. Qe4+ Kg8 48. Qe8+ Kh7 49. Qg6+ Kh8 50. h6 Bb2 51. Qf7 1-0

[Event "Titled Tuesday intern op 26th Jul Early"]
[Site "Chess.com INT"]
[Date "2022.07.26"]
[Round "1"]
[White "Rose, Felix"]
[Black "Dounis, Alexandros"]
[Result "0-1"]
[WhiteElo "2091"]
[BlackElo "2250"]
[PlyCount "130"]
[EventDate "2022.07.26"]
[EventType "swiss (blitz)"]
[EventRounds "11"]
[EventCountry "USA"]
[SourceTitle "EXT 2023"]
[Source "ChessBase"]
[SourceDate "2022.10.05"]
[SourceVersion "1"]
[SourceVersionDate "2022.10.05"]
[SourceQuality "1"]

1. e4 e5 2. Nf3 Nc6 3. Bb5 a6 4. Ba4 Nf6 5. 0-0 Be7 6. Re1 b5 7. Bb3 0-0 8. h3 Bb7 9. d3 d5 10. exd5 Nxd5 11. Nxe5 Nxe5 12. Rxe5 Nb6 13. Nc3 Bd6 14. Re1 Qh4 15. Qg4 Qxg4 16. hxg4 Rfe8 17. Be3 b4 18. Ne4 Bxe4 19. dxe4 Rxe4 20. Bxb6 Rxe1+ 21. Rxe1 cxb6 22. Rd1 Bc5 23. Rd7 Rf8 24. Kf1 g6 25. Bc4 a5 26. Ke2 Kg7 27. g5 Re8+ 28. Kf3 Re7 29. Rxe7 Bxe7 30. Kg4 Bc5 31. f4 Be3 32. Kf3 Bc1 33. b3 Kf8 34. g4 Ke7 35. Kg3 f6 36. gxf6+ Kxf6 37. Bg8 h5 38. f5 gxf5 39. gxh5 Kg5 40. Bf7 Bf4+ 41. Kf3 Be5 42. Be8 Bg7 43. Bg6 Kf6 44. Kf4 Bh6+ 45. Kf3 Ke5 46. Bh7 f4 47. Bd3 Kd4 48. Bg6 Kc3 49. Kg4 Kd2 50. Kf3 Kc1 51. Be4 Kb2 52. Kg4 Kxa2 53. Kf5 f3 54. Bxf3 Kb2 55. Be4 b5 56. Kg6 Bd2 57. h6 a4 58. bxa4 bxa4 59. h7 Bc3 60. Kf7 a3 61. Bd5 Kxc2 62. Kg8 Kb2 63. h8Q Bxh8 64. Kxh8 b3 65. Bxb3 Kxb3 0-1

[Event "Titled Tuesday intern op 12th Jul Early"]
[Site "Chess.com INT"]
[Date "2022.07.12"]
[Round "10"]
[White "Dounis, Alexandros"]
[Black "Sonis, Francesco"]
[Result "1-0"]
[WhiteElo "2250"]
[BlackElo "2543"]
[PlyCount "135"]
[EventDate "2022.07.12"]
[EventType "swiss (blitz)"]
[EventRounds "11"]
[EventCountry "USA"]
[SourceTitle "EXT 2023"]
[Source "ChessBase"]
[SourceDate "2022.10.05"]
[SourceVersion "1"]
[SourceVersionDate "2022.10.05"]
[SourceQuality "1"]

1. Nf3 Nf6 2. g3 b6 3. Bg2 Bb7 4. 0-0 g6 5. c4 Bg7 6. Nc3 0-0 7. Qc2 c5 8. e4 Nc6 9. e5 Ng4 10. Re1 Qb8 11. Nd5 e6 12. Nf6+ Nxf6 13. exf6 Bxf6 14. d3 Nb4 15. Qe2 Qd6 16. Bh6 Rfd8 17. a3 Nc6 18. h4 Qc7 19. Bg5 Bxg5 20. hxg5 d5 21. Rad1 Rd6 22. d4 cxd4 23. Nxd4 Ba6 24. Nb5 Bxb5 25. cxb5 Na5 26. Rc1 Qd8 27. b4 Nb7 28. Qe5 Rd7 29. Rc2 Nd6 30. Bf1 Ne4 31. f4 Rc8 32. Rc6 Nxg3 33. Qc3 Rdc7 34. Rxc7 Rxc7 35. Qxg3 Qc8 36. Qe3 Rc3 37. Qe5 Rxa3 38. Ra1 Rxa1 39. Qxa1 Qc7 40. Qe5 Qxe5 41. fxe5 Kg7 42. Kf2 h6 43. gxh6+ Kxh6 44. Kf3 Kg5 45. Bd3 Kh4 46. Kf4 g5+ 47. Kf3 Kh3 48. Bf1+ Kh4 49. Bd3 g4+ 50. Kf4 Kh5 51. Be2 Kg6 52. Bxg4 f5 53. Be2 Kh6 54. Bd3 Kg6 55. Bc2 Kh6 56. Bxf5 exf5 57. Kxf5 Kg7 58. e6 Kf8 59. Ke5 d4 60. Kxd4 Ke8 61. Kd5 Ke7 62. Ke5 Ke8 63. Kd6 Kd8 64. Kc6 Ke7 65. Kb7 Kxe6 66. Kxa7 Kd7 67. Kxb6 Kc8 68. Ka7 1-0